000 00305nam a22001337a 4500
008 171127b xxu||||| |||| 00| 0 eng d
020 _a0136407064
041 _aeng
080 _22ND
_a331.101.262
100 _a52
101 _aBNJ
245 _aORGANIZATIONAL BEHAVIOR
_cLAWLESS,D.J
942 _2udc
_cBK
999 _c38578
_d38578